LEADER 01753nam 22004453 450 001 9911021976403321 005 20250830060330.0 010 $a9781071646342$b(electronic bk.) 010 $z9781071646335 035 $a(MiAaPQ)EBC32273019 035 $a(Au-PeEL)EBL32273019 035 $a(CKB)40426792000041 035 $a(EXLCZ)9940426792000041 100 $a20250830d2025 uy 0 101 0 $aeng 135 $aurcnu|||||||| 181 $ctxt$2rdacontent 182 $cc$2rdamedia 183 $acr$2rdacarrier 200 10$aEssential Oil Extraction from Food By-Products 205 $a1st ed. 210 1$aNew York, NY :$cSpringer,$d2025. 210 4$dİ2025. 215 $a1 online resource (408 pages) 225 1 $aMethods and Protocols in Food Science Series 311 08$aPrint version: Srivastav, Prem Prakash Essential Oil Extraction from Food By-Products New York, NY : Springer,c2025 9781071646335 330 $aThis volume details cutting-edge approaches to harnessing the potential of essential oils (EOs) extracted from food by-products, transforming waste into valuable resources for food preservation, enhanced nutrition, and functional food product development. 410 0$aMethods and Protocols in Food Science Series 606 $aTECHNOLOGY & ENGINEERING / Food Science / General$2bisacsh 615 7$aTECHNOLOGY & ENGINEERING / Food Science / General 676 $a661.806 700 $aSrivastav$b Prem Prakash$01845391 701 $aSrivastava$b Brijesh$01845392 701 $aKarunanithi$b Sangeetha$01845393 801 0$bMiAaPQ 801 1$bMiAaPQ 801 2$bMiAaPQ 912 $a9911021976403321 996 $aEssential Oil Extraction from Food By-Products$94429232 997 $aUNINA